1568 1443 1169 1589 1170 1554 1741 1957 1518 1547 1755 1400 1732 1280 1433 1564 1827 1907 1449 1097 1158 1758 1873 1832 1828 1890 1251 1645 1195 1707 1557 1629 1278 1378 1030 1346 1126 1088 1819 1389 1297 1227 1567 1531 1798 1390 1509 1738 1555 1514 1591 1775 1964 1716 1782 1428 1383 1628 1528 1713 1398 1681 1122 1694 1534 1262 1067 1843 1899 1814 1664 1760 1897 1998 1547 1751 1814 1852 1850 1614 1753 1508 1913 1852 1909 1492 1906 1619 1640 1228 1327 1131 1410 1077 1529 1643 1567 1101 1501 BCNSPRNW ULIB Ver.6.0+V

เปลี่ยนเป็นภาษาไทย

Change to English
 แสดงรายละเอียดบรรณานุกรม
  กลับหน้าหลัก

Brief Record : Get Marc (ISO 2709) : E-mail record : QR code < ปิดหน้าต่าง
LEADER : 00000nam 2200000uu 4500
001    13399122861
003     ULIB
008    020711s2549 th a 000 0 tha d
020    9749804708
020    9789749804704
090    นว.^bค163อ
100    คริสโตเฟอร์ เปาลินี ;^eเขียน
245    เอรากอน =^nEragon /^cเขียน ; คริสโตเฟอร์ เปาลินี, แปล ; สุดจิต ภิญโญยิ่ง
250    พิมพ์ครั้งที่ 4
260    กรุงเทพฯ :^bแพรวเยาวชน,^c2549
300    597 หน้า
700    สุดจิต ภิญโญยิ่ง ;^eแปล
945    ^p415^l0^i019659
999    ^aทศพร
รายการนี้ยังไม่มีแท็ก
คุณยังไม่ได้ล็อกอิน คุณสามารถมีกิจกรรมร่วมกับเว็บไซต์ได้ แต่ต้องล็อกอินก่อน ::
  ล็อกอิน

รายการสื่อสารสนเทศ

ลำดับที่ ประเภท เลขเรียก/บาร์โค้ด สถานที่ สถานะ
1. นวนิยาย
นวนิยาย
นว. ค163อ ฉ.1 
  Barcode: 019659
ห้องสมุดวิทยาเขตสวรรค์ประชารักษ์
►นวนิยาย
บนชั้น
  ขอยืม

BibComment


ยังไม่เคยถูกคอมเมนท์

คอมเมนท์ทรัพยากรรายการนี้
  คอมเมนท์: เอรากอน Eragon ..


 Copyright 2026. Bcnsprnw @Library